Biện pháp quản lý công tác tư vấn tâm lý cho học sinh tại các trường THCS trên địa bàn Quận Thanh Khê Thành phố Đà Nẵng

Nghiên cứu cơ sở lý luận về quản lý công tác tư vấn tâm lý cho học sinh THCS. Khảo sát, phân tích, đánh giá thực trạng quản lý công tác tư vấn tâm lý cho học sinh tại các trường THCS trên địa bàn quận Thanh Khê thành phố Đà Nẵng. Đề xuất biện pháp quản lý công tác tư vấn tâm lý cho học sinh ở các tr...

Volledige beschrijving

Bewaard in:
Bibliografische gegevens
Hoofdauteur: Lại Tiến Hương
Andere auteurs: Trần Văn Hiếu PGS.TS. (Hướng dẫn)
Formaat: Boek
Taal:Vietnamese
Gepubliceerd in: Đà Nẵng Đại học Đà Nẵng 2016
Onderwerpen:
Tags: Voeg label toe
Geen labels, Wees de eerste die dit record labelt!
Thư viện lưu trữ: Mạng thư viện Đại học Đà Nẵng
LEADER 01996nam a2200349 4500
001 000023851
003 20304
005 20160329150324.0
008 160318s2016 viesd
041 |a vie 
082 1 4 |a 373.146  |b LA-H 
100 1 |a Lại Tiến Hương 
245 1 |a Biện pháp quản lý công tác tư vấn tâm lý cho học sinh tại các trường THCS trên địa bàn Quận Thanh Khê Thành phố Đà Nẵng  |c Lại Tiến Hương ; Trần Văn Hiếu hướng dẫn.  |k Luận văn Thạc sĩ 
260 |a Đà Nẵng  |b Đại học Đà Nẵng  |c 2016 
300 |a 99 tr. ; phụ lục 40 tr.  |c 29 cm.  |e Tóm tắt 
500 |a Luận văn thạc sĩ. Chuyên ngành: Quản lý giáo dục. Mã số: 60.14.01.14 
520 3 |a Nghiên cứu cơ sở lý luận về quản lý công tác tư vấn tâm lý cho học sinh THCS. Khảo sát, phân tích, đánh giá thực trạng quản lý công tác tư vấn tâm lý cho học sinh tại các trường THCS trên địa bàn quận Thanh Khê thành phố Đà Nẵng. Đề xuất biện pháp quản lý công tác tư vấn tâm lý cho học sinh ở các trường THCS trên địa bàn quận Thanh Khê thành phố Đà Nẵng 
650 0 4 |a Giáo dục trung học  |v Luận văn tốt nghiệp  |x Tư vấn tâm lý  |x Nghiên cứu  |z Đà Nẵng 
653 |a Tư vấn tâm lý 
653 |a Giáo dục trung học sơ sở 
653 |a Quản lý giáo dục 
700 1 |a Trần Văn Hiếu  |c PGS.TS.  |e Hướng dẫn 
OWN |a LSP 
AVA |a UDN50  |b LSP  |d 373.146 LA-H  |e available  |t Error 5001 Not defined in file expand_doc_bib_avail.  |f 1  |g 0  |h N  |i 0  |k 1 
999 |a From the UDN01 
AVA |a UDN50  |b LSP  |d 373.146 LA-H  |e available  |t Error 5001 Not defined in file expand_doc_bib_avail.  |f 1  |g 0  |h N  |i 0  |k 1 
TYP |a Monograph 
TYP |a Printed language 
980 |a Mạng thư viện Đại học Đà Nẵng